000 00481nam a2200157Ia 4500
008 220216s9999 xx 000 0 und d
100 _aHardon J J
245 0 _aBreeding of perennial crops - lessons for the future
260 _bProceedings of the International Planters Conference 17-20 May 2000.p41-57 (Reprint)
_c2000
650 _aBiotechnology
650 _aBreeding clones
650 _aOil palm
650 _aPerennial crops
700 _aCorley R H V
942 _cJS
999 _c54954
_d54954